Obyčajný človek (Record no. 20966)
[ view plain ]
| 000 -LEADER | |
|---|---|
| fixed length control field | 01744cam a2200481 a 4500 |
| 001 - CONTROL NUMBER | |
| control field | 20966 |
| 003 - CONTROL NUMBER IDENTIFIER | |
| control field | VRT |
| 005 - DATE AND TIME OF LATEST TRANSACTION | |
| control field | 20260207123829.0 |
| 008 - FIXED-LENGTH DATA ELEMENTS--GENERAL INFORMATION | |
| fixed length control field | 230403s1950 xo 000 d slo |
| 015 ## - NATIONAL BIBLIOGRAPHY NUMBER | |
| National bibliography number | SNBA19451955-004848 |
| 035 ## - SYSTEM CONTROL NUMBER | |
| System control number | SK01SNKBKSFS20020069313 |
| 035 ## - SYSTEM CONTROL NUMBER | |
| System control number | urn:nbn:sk:snk-am3hytw |
| 035 ## - SYSTEM CONTROL NUMBER | |
| System control number | 6EF3A96B-7BC4-452B-908E-E8AA3C02EFF7 |
| 035 ## - SYSTEM CONTROL NUMBER | |
| System control number | urn:nbn:sk:snk-am00ddu9 |
| 035 ## - SYSTEM CONTROL NUMBER | |
| System control number | SKM000071776 |
| 039 #9 - LEVEL OF BIBLIOGRAPHIC CONTROL AND CODING DETAIL [OBSOLETE] | |
| Level of rules in bibliographic description | 202304032047 |
| Level of effort used to assign nonsubject heading access points | VLOAD |
| Level of effort used to assign subject headings | 202212050954 |
| Level of effort used to assign classification | VLOAD |
| Level of effort used to assign subject headings | 202205120825 |
| Level of effort used to assign classification | VLOAD |
| Level of effort used to assign subject headings | 202007090908 |
| Level of effort used to assign classification | csnkv03 |
| 040 ## - CATALOGING SOURCE | |
| Original cataloging agency | SNK |
| Language of cataloging | slo |
| Transcribing agency | SNK |
| Description conventions | AACR2 |
| 041 1# - LANGUAGE CODE | |
| Language code of text/sound track or separate title | slo |
| Language code of original | bul |
| 044 ## - COUNTRY OF PUBLISHING/PRODUCING ENTITY CODE | |
| MARC country code | xo |
| ISO country code | SK |
| 080 ## - UNIVERSAL DECIMAL CLASSIFICATION NUMBER | |
| Universal Decimal Classification number | 886.7 |
| Edition identifier | 1981 |
| 100 1# - MAIN ENTRY--PERSONAL NAME | |
| Personal name | Jovkov, Jordan, |
| Dates associated with a name | 1880-1937 |
| Relationship | aut |
| 240 10 - UNIFORM TITLE | |
| Uniform title | Obiknoven čovek |
| Language of a work | Slovensky |
| 245 10 - TITLE STATEMENT | |
| Title | Obyčajný človek |
| Remainder of title | dráma v štyroch dejstvách |
| Statement of responsibility, etc. | Jordan Jovkov ; peložila Milica Ambrušová |
| 250 ## - EDITION STATEMENT | |
| Edition statement | 1. vyd. |
| 260 ## - PUBLICATION, DISTRIBUTION, ETC. | |
| Place of publication, distribution, etc. | Turčiansky Sv. Martin |
| Name of publisher, distributor, etc. | Matica slovenská |
| Date of publication, distribution, etc. | 1950 |
| Place of manufacture | Turčiansky Sv. Martin |
| Manufacturer | Neografia |
| 300 ## - PHYSICAL DESCRIPTION | |
| Extent | 83, [1] s. |
| Dimensions | 8° |
| 366 ## - TRADE AVAILABILITY INFORMATION | |
| Note | 2000 výtl. |
| 490 1# - SERIES STATEMENT | |
| Series statement | Prekladová divadelná knižnica |
| Volume/sequential designation | sv. 8 |
| 500 ## - GENERAL NOTE | |
| General note | Preložené z bulharčiny |
| 655 #7 - INDEX TERM--GENRE/FORM | |
| Genre/form data or focus term | bulharské drámy |
| Source of term | SNKPH |
| 700 1# - ADDED ENTRY--PERSONAL NAME | |
| Personal name | Ambrušová, Milica |
| Relationship | trl |
| 830 #0 - SERIES ADDED ENTRY--UNIFORM TITLE | |
| Uniform title | Prekladová divadelná knižnica |
| 910 ## - USER-OPTION DATA (OCLC) | |
| User-option data | snk |
| 942 ## - ADDED ENTRY ELEMENTS (KOHA) | |
| Source of classification or shelving scheme | Dewey Decimal Classification |
| Koha item type | Krásna literatúra pre dospelých |
| Suppress in OPAC | No |
| 949 ## - LOCAL PROCESSING INFORMATION (OCLC) | |
| 6 | 17A0662559 |
| a | snkSD 6934/8 D1 |
| b | snkD 1767/60 |
| 949 ## - LOCAL PROCESSING INFORMATION (OCLC) | |
| 6 | 17A0662557 |
| a | snkSD 6934/8 D2 |
| b | snkF 5350/62 |
| 949 ## - LOCAL PROCESSING INFORMATION (OCLC) | |
| 6 | 17A0662556 |
| a | snkSD 6934/8 D3 |
| b | snkF 3298/62 |
| 949 ## - LOCAL PROCESSING INFORMATION (OCLC) | |
| 6 | 17A0662570 |
| a | snkSD 6934/8 D4 |
| b | snkF 551/64 |
| 949 ## - LOCAL PROCESSING INFORMATION (OCLC) | |
| 6 | 2889400603 |
| a | savukM 9843 |
| 949 ## - LOCAL PROCESSING INFORMATION (OCLC) | |
| 6 | 270001000540375 |
| a | svkbbS 20352 |
| b | svkbbm 62827 |
| 949 ## - LOCAL PROCESSING INFORMATION (OCLC) | |
| 6 | 17A0912084 |
| a | snkSD 6934/8 |
| b | snk5058/50 |
| o | I. 2181/50 |
| s | 6100:20190903 |
| Stav vyradenia | Strata | Poškodenie | Spôsob nadobudnutia | Domovská knižnica | Aktuálna knižnica | Dátum nadobudnutia | Total checkouts | Čiarový kód exemplára | Date last seen | Typ exemplára | Verejná poznámka |
|---|---|---|---|---|---|---|---|---|---|---|---|
| Dar | Obecná knižnica Horná Štubňa | Obecná knižnica Horná Štubňa | 07.02.2026 | 4736201137 | 07.02.2026 | Krásna literatúra pre dospelých | divadelná hra |
